000 01164naa a22003137a 4500
001 BR7100349
003 BR-BrBNA
005 20240918173422.0
007 ta
008 230509b bl.||||| |||| 00| 0 por d
040 _aBR-BrBNA
_bpor
_cBiblioteca Nacional de Agricultura
041 _a(Pt)
072 _aF00; E70
_b1410
_bG514
090 _aF00 BR7100349
100 1 _aPereira, G.
111 1 _a1. Simposio Brasileiro de Feijao
_cCampinas, SP (Brazil)
_d22 Aug 1971
245 1 _aO feijao em Minas Gerais [Producao vegetal; Comercializacao; Brasil]
260 3 _aSao Paulo, SP (Brasil):
_c1971.
500 _a1. Simposio Brasileiro de Feijao. Aspectos gerais da producao de feijao no Brasil. Secao A Sao Paulo, SP (Brasil): 1971. p. 1-40 (BR7100349-AM)F00
650 _aProducao vegetal
650 _aComercializacao
650 _aFeijao
650 _aPreco medio
650 _aRendimento
650 _aMinas Gerais
773 0 _t1. Simposio Brasileiro de Feijao. Aspectos gerais da producao de feijao no Brasil. Secao A
_b
_wF00 BR7100349
_gSao Paulo, SP (Brasil), 1971. p. 1-40
909 _a202404
_bLucia
_c55
_dLucia Elande
942 _cAM
_2AGRIS
999 _c304498
_d304498